Quiz sur Bergues - Statistiques

Statistiques générales
  • Ce quiz a été pris 5 fois
  • Le résultat moyen est 9 sur 50
Statistiques - réponses
Question Réponse % Correct
Nombre de ville frontalière 5
100%
Numéro du département 59
100%
Comment appelle-t-on les habitants de Bergues Berguois
100%
Jour du marché Lundi
100%
Nombre d'établissement scolaire ? 6
75%
Combien de voie y'a t'il a la gare de Bergues 2
50%
Combien de wagon comporte le p'ti train de Bergues 3
50%
Nombre de ferme qui produisent le fromage de Bergues 3
50%
Code postal 59 380
50%
Y t'il plus de boulangerie ou de coiffeur ? Coiffeur
50%
Que jettent il de la mairie au carnval de bergues ? Du Fromage de Bergues
50%
Qui a construit les remparts ? Vauban
50%
Quel est le nom du carillonneur Jacques Martel
25%
quel est la porte la plus au sud de la ville Porte de Cassel
25%
Quel est le prix du ptit pain chez Legros 1€10
0%
la superficie de la ville 1.32 km²
0%
Combien pèse la cloche la plus petite du beffroi ? 14 kg
0%
Combien pèse la cloche la plus lourde du beffroi ? 1500 kg
0%
Date de création du Bruegel 1597
0%
A quel siècle la saucisse de Bergues est apparue ? 16eme
0%
Combien de parcelle de jardin ouvrier son disponible a Bergues ? 183
0%
En quel année a lieu le premier spectacle de Baladin ? 1998
0%
En quel année coccimarcket est devenu carrefour city 2018
0%
En quel année y'a t'il ut un vidéo mapping sur le Beffroi 2019
0%
En quel année fut la première édition du critérium de Bergues 2022
0%
A quel date aura lieu les feu de la Saint Jean en 2025 ? 28 Juin
0%
Nombre d'habitant en 2022 3500
0%
Quel est la hauteur du Beffroi ? 47m
0%
Combien de cloche comporte le carillon du Beffroi 50
0%
Ou le maire actuel aime passé son temps libre ? Au berguenard
0%
Ancien nom de la ville Bergues st winoc
0%
En quelle matière est la vache de Bergues Bronze
0%
Quel ville Allemande est jumelée a la ville de Bergues ? Erndtebrück
0%
Origine du nom Groenberg
0%
Qui a pris en photo les 3 grâce tout les jours durant le confinement Guy Gervais
0%
Quel est le canal emblématique de Bergues La colme
0%
Quel est l'ancien nom du Berguenard La double rose
0%
Comment s'appelle le journal de la ville La lettre du beffroi
0%
Quel est le nom du Geant de Bergues Lamartine
0%
Quel est le nom que les Berguois donne au jardin public La plaine
0%
Quand a lieu le feu d'artifice annuel de la ville ? Le 15 Aout
0%
De quel période historique datent les rameaux ? Le Moyen age
0%
Comment ce déguste traditionnellement le fromage de Bergues Nature, Bière blonde, Pain de seigle
0%
Les fossiles de quel animaux on été retrouver sous la ville Pachyderme préhistorique
0%
Pourquoi la salle Looten se nomme ainsi Poète, Dramaturge
0%
Quel race de vache produit le fromage de Bergues Rouge Flamande
0%
Officieusement, quel rue met a pendre du linge a l'occasion du carnaval ? Rue des sans culottes
0%
Comment s'appelle l'église ? Saint Martin
0%
Ancien maire de 2008 à 2020 Sylvie Brachet
0%
Qui a t'il maintenant dans l'ancien abattoir Une Brasserie
0%
Aucun quiz correspondant
Distribution des résultats
% des personnes avec chaque résultat
Percentile par nombre de réponses
Votre historique - résultats
Vous n’avez pas pris ce quiz